<?xml version="1.0" encoding="UTF-8"?>
<record
    xmlns:xsi="http://www.w3.org/2001/XMLSchema-instance"
    xsi:schemaLocation="http://www.loc.gov/MARC21/slim http://www.loc.gov/standards/marcxml/schema/MARC21slim.xsd"
    xmlns="http://www.loc.gov/MARC21/slim">

  <leader>01527ngm a22001571i 4500</leader>
  <controlfield tag="001">24930</controlfield>
  <datafield tag="090" ind1=" " ind2=" ">
    <subfield code="a">24930</subfield>
  </datafield>
  <datafield tag="100" ind1=" " ind2=" ">
    <subfield code="a">20120424u        u  u0frey50      ba</subfield>
  </datafield>
  <datafield tag="200" ind1="1" ind2=" ">
    <subfield code="a">A lei do &#xF3;dio</subfield>
    <subfield code="d">The last hard men</subfield>
  </datafield>
  <datafield tag="210" ind1=" " ind2=" ">
    <subfield code="c">Twentieth Century Fox</subfield>
    <subfield code="a">Lisboa</subfield>
    <subfield code="d">2008</subfield>
  </datafield>
  <datafield tag="215" ind1=" " ind2=" ">
    <subfield code="d">1 DVD (aprox. 93 minutos) : color.; 19 cm</subfield>
  </datafield>
  <datafield tag="300" ind1=" " ind2=" ">
    <subfield code="a">N&#xBA;  de registo 1731/2008. - M/ 12 anos. - Legendado em portugu&#xEA;s </subfield>
  </datafield>
  <datafield tag="330" ind1=" " ind2=" ">
    <subfield code="a">Elenco: Charlton Heston, James Coburn, Barbara Hershey, Jorge Rivero, Michael Parks, Larry Wilcox, Thalmus Rasulala, Morgan Paull, John Quade, Robert Donner, Sam Gilman, James Bacon, Riley Hill, Dick Alexander, Yolanda Schutz, Alberto Pi&#xF1;a, David Herrera, Christopher Mitchum.  Sinopse: A LEI DO &#xD3;DIO conta a hist&#xF3;ria do velho xerife Sam Burgade (Charlton Heston), que se torna alvo de uma vingan&#xE7;a. Numa poeirenta cadeia, no inicio do ano 1900 o fora da lei Zach Provo (James Coburn) organiza a fuga com mais seis condenados. Provo n&#xE3;o est&#xE1; &#xE1; procura de liberdade, ele quer vingar-se do homem que o aprisionou anos antes e que foi tamb&#xE9;m o respons&#xE1;vel pela morte da sua mulher, atingida por uma bala durante o tiroteio que originou a sua captura. Mas como Burgade, agora reformado, n&#xE3;o quer nada com armas, nem duelos, Zach Provo resolve raptar a sua filha Susan (Barbara Hershey) e amea&#xE7;a mat&#xE1;-la se Brugade se recusar a confronta-lo. Sem op&#xE7;&#xF5;es, Burgade coloca os rev&#xF3;lveres no coldre e parte no encal&#xE7;o do assassino Provo.</subfield>
  </datafield>
  <datafield tag="700" ind1=" " ind2="1">
    <subfield code="a">Seltzer</subfield>
    <subfield code="b">Walter</subfield>
    <subfield code="4">630</subfield>
  </datafield>
  <datafield tag="701" ind1=" " ind2="1">
    <subfield code="a">Mclaglen</subfield>
    <subfield code="b">Andrew V.</subfield>
    <subfield code="4">370</subfield>
  </datafield>
  <datafield tag="990" ind1=" " ind2=" ">
    <subfield code="c">FILMES DVD</subfield>
  </datafield>
  <datafield tag="995" ind1=" " ind2=" ">
    <subfield code="0">0</subfield>
    <subfield code="1">0</subfield>
    <subfield code="9">34063</subfield>
    <subfield code="b">BMVA</subfield>
    <subfield code="d">BMVA</subfield>
    <subfield code="e">DVDs / CD-Roms</subfield>
    <subfield code="f">0000716VI</subfield>
    <subfield code="k">SEL</subfield>
    <subfield code="o">0</subfield>
    <subfield code="r">FILMES DVD</subfield>
    <subfield code="a">BMVA</subfield>
    <subfield code="c">BMVA</subfield>
    <subfield code="q">106</subfield>
  </datafield>
  <datafield tag="995" ind1=" " ind2=" ">
    <subfield code="0">0</subfield>
    <subfield code="1">0</subfield>
    <subfield code="9">34064</subfield>
    <subfield code="b">BMVAAG</subfield>
    <subfield code="d">BMVAAG</subfield>
    <subfield code="e">DVDs / CD-Roms</subfield>
    <subfield code="f">0000720VI</subfield>
    <subfield code="k">SEL</subfield>
    <subfield code="o">0</subfield>
    <subfield code="r">FILMES DVD</subfield>
    <subfield code="u">M/12 anos</subfield>
    <subfield code="a">BMVAAG</subfield>
    <subfield code="c">BMVAAG</subfield>
    <subfield code="q">106</subfield>
  </datafield>
  <datafield tag="995" ind1=" " ind2=" ">
    <subfield code="0">0</subfield>
    <subfield code="1">0</subfield>
    <subfield code="9">34065</subfield>
    <subfield code="b">BMVAAL</subfield>
    <subfield code="d">BMVAAL</subfield>
    <subfield code="e">DVDs / CD-Roms</subfield>
    <subfield code="f">0000727VI</subfield>
    <subfield code="k">SEL</subfield>
    <subfield code="m">2017-10-17</subfield>
    <subfield code="o">0</subfield>
    <subfield code="r">FILMES DVD</subfield>
    <subfield code="u">M/ 12 anos </subfield>
    <subfield code="a">BMVAAL</subfield>
    <subfield code="c">BMVAAL</subfield>
    <subfield code="q">106</subfield>
  </datafield>
</record>
